[Event "RUS-ch Rapid"]
[Site "Sochi"]
[Date "2023.10.16"]
[Round "9"]
[White "Klimov, Sergey"]
[Black "Polschikov, Alexey"]
[Result "1/2-1/2"]
[WhiteElo "2486"]
[BlackElo "2384"]
[PlyCount "214"]
[EventDate "2023.10.15"]
[EventType "swiss (rapid)"]
[EventRounds "11"]
[EventCountry "RUS"]
[SourceTitle "Mega2024 Update 01"]
[Source "Chessbase"]
[SourceDate "2023.11.12"]
[SourceVersion "1"]
[SourceVersionDate "2023.11.12"]
[SourceQuality "1"]

1. e4 c5 2. Nf3 d6 3. d4 cxd4 4. Nxd4 Nf6 5. Nc3 a6 6. Be2 e5 7. Nb3 Be6 8. f4 Be7 9. f5 Bc8 10. g4 d5 11. exd5 Bb4 12. 0-0 Bxc3 13. bxc3 Nxd5 14. c4 Nc3 15. Qxd8+ Kxd8 16. Bf3 e4 17. Bb2 exf3 18. Bxc3 f6 19. Rxf3 Nc6 20. g5 Ke7 21. Nc5 Kf7 22. Ne4 Rd8 23. gxf6 gxf6 24. Bxf6 Rg8+ 25. Kf2 Rg4 26. Re1 Rxe4 27. Rxe4 Kxf6 28. Re8 Kf7 29. Rfe3 Rb8 30. f6 Kxf6 31. Rf8+ Kg7 32. Ree8 Na7 33. c5 a5 34. a4 b5 35. axb5 Rxb5 36. Rf4 Rb7 37. Ra4 Rf7+ 38. Ke3 Bd7 39. Rae4 Bxe8 40. Rxe8 Nc6 41. Ke4 Rd7 42. Rc8 Ne7 43. Ra8 Rd2 44. c3 Kf6 45. Ra6+ Kf7 46. Rxa5 Rxh2 47. Ra7 Ke6 48. Ra6+ Kd7 49. Rd6+ Kc7 50. Kf4 Rh5 51. Kg4 Rh1 52. Re6 Nc6 53. Kg5 Rg1+ 54. Kh6 Rh1+ 55. Kg5 Rh3 56. Rh6 Rxc3 57. Rxh7+ Kc8 58. Rh8+ Kb7 59. Rh7+ Ka6 60. Kf4 Rxc5 61. Ke4 Re5+ 62. Kf4 Kb6 63. Rh6 Rd5 64. Ke4 Kc5 65. Rh8 Rd4+ 66. Ke3 Ra4 67. Kd3 Kd5 68. Ke3 Re4+ 69. Kd3 Ne5+ 70. Kc3 Rc4+ 71. Kb3 Rc1 72. Rd8+ Kc5 73. Rh8 Rb1+ 74. Kc3 Ra1 75. Rh5 Ra3+ 76. Kd2 Kd5 77. Rh8 Nc4+ 78. Kc2 Nd6 79. Rd8 Kc5 80. Rh8 Kd4 81. Rd8 Kc5 82. Rh8 Nc4 83. Rc8+ Kd5 84. Rd8+ Ke4 85. Re8+ Ne5 86. Rh8 Rg3 87. Rf8 Nc6 88. Kd2 Rd3+ 89. Kc2 Nd4+ 90. Kb2 Rb3+ 91. Ka2 Rb7 92. Rh8 Ne2 93. Ka3 Kd3 94. Rg8 Nd4 95. Rh8 Ne6 96. Rh3+ Kc4 97. Rh4+ Nd4 98. Rh8 Rb3+ 99. Ka2 Rb5 100. Rc8+ Kd3 101. Rh8 Ne2 102. Ka3 Nc3 103. Rh3+ Kc2 104. Rh2+ Kd3 105. Rh3+ Kd4 106. Rh8 Rb7 107. Rh4+ Ke5 1/2-1/2

[Event "RUS-ch Blitz"]
[Site "Sochi"]
[Date "2023.10.14"]
[Round "13"]
[White "Polschikov, Alexey"]
[Black "Deviatkin, Andrei"]
[Result "1/2-1/2"]
[WhiteElo "2384"]
[BlackElo "2442"]
[PlyCount "105"]
[EventDate "2023.10.14"]
[EventType "swiss (blitz)"]
[EventRounds "13"]
[EventCountry "RUS"]
[SourceTitle "Mega2024 Update 01"]
[Source "Chessbase"]
[SourceDate "2023.11.12"]
[SourceVersion "1"]
[SourceVersionDate "2023.11.12"]
[SourceQuality "1"]

1. d4 d5 2. c4 c6 3. Nf3 Nf6 4. Nc3 dxc4 5. e4 b5 6. Be2 e6 7. 0-0 Bb7 8. b3 b4 9. e5 Nd5 10. Nxd5 cxd5 11. bxc4 dxc4 12. Bxc4 Be7 13. a3 a5 14. axb4 axb4 15. Bb5+ Nd7 16. Rxa8 Qxa8 17. Qa4 Qxa4 18. Bxa4 h6 19. Bd2 Kd8 20. Rb1 Be4 21. Rb2 Nb6 22. Bb5 Nd5 23. Bc6 Kc7 24. Bxd5 Bxd5 25. Bxb4 Bxb4 26. Rxb4 Ra8 27. h4 Ra3 28. Nd2 Rd3 29. Nf1 Rd1 30. f3 f6 31. Kf2 fxe5 32. dxe5 Ra1 33. Ne3 Kc6 34. Rg4 Ra7 35. Kg3 Kc5 36. h5 Bb3 37. Kh4 Rb7 38. Rf4 Ba2 39. g4 Bb1 40. Rc4+ Kb5 41. Rc1 Ba2 42. Rc2 Ra7 43. f4 Bb3 44. Rc3 Kb4 45. Rd3 Kc5 46. f5 exf5 47. gxf5 Ra4+ 48. Kg3 Rd4 49. Rxb3 Re4 50. e6 Kd6 51. Kf3 Rh4 52. Rb6+ Ke5 53. e7 1/2-1/2

[Event "RUS-ch Blitz"]
[Site "Sochi"]
[Date "2023.10.14"]
[Round "10"]
[White "Zablotsky, Sergei"]
[Black "Polschikov, Alexey"]
[Result "1-0"]
[WhiteElo "2464"]
[BlackElo "2384"]
[PlyCount "45"]
[EventDate "2023.10.14"]
[EventType "swiss (blitz)"]
[EventRounds "13"]
[EventCountry "RUS"]
[SourceTitle "Mega2024 Update 01"]
[Source "Chessbase"]
[SourceDate "2023.11.12"]
[SourceVersion "1"]
[SourceVersionDate "2023.11.12"]
[SourceQuality "1"]

1. Nf3 c5 2. g3 Nc6 3. Bg2 e5 4. d3 d5 5. 0-0 Be7 6. e4 d4 7. a4 Bg4 8. h3 Be6 9. Na3 Nf6 10. Ng5 Bd7 11. f4 h6 12. Nf3 exf4 13. gxf4 Qc8 14. f5 g6 15. e5 Nh5 16. e6 fxe6 17. fxg6 Ng3 18. g7 Rg8 19. Bxh6 Nf5 20. Ng5 Nxh6 21. Qh5+ Kd8 22. Qxh6 Bxg5 23. Rf8+ 1-0

[Event "St Petersburg Korchnoi Memorial op"]
[Site "St Petersburg"]
[Date "2023.08.24"]
[Round "9"]
[White "Bardyk, Artem"]
[Black "Polschikov, Alexey"]
[Result "1-0"]
[WhiteElo "2138"]
[BlackElo "2402"]
[PlyCount "59"]
[EventDate "2023.08.18"]
[EventType "swiss"]
[EventRounds "9"]
[EventCountry "RUS"]
[SourceTitle "EXT 2024"]
[Source "ChessBase"]
[SourceDate "2023.10.10"]
[SourceVersion "1"]
[SourceVersionDate "2023.10.10"]
[SourceQuality "1"]

1. e4 c5 2. Nf3 Nc6 3. Bb5 d6 4. d4 cxd4 5. Qxd4 a6 6. Bxc6+ bxc6 7. c4 e5 8. Qd3 Nf6 9. Nc3 Be7 10. 0-0 0-0 11. c5 d5 12. exd5 cxd5 13. Nxe5 Bxc5 14. Bg5 Bb7 15. Bxf6 gxf6 16. Nf3 d4 17. Ne4 Ba7 18. Rad1 Re8 19. Rfe1 Re6 20. Ng3 Qd5 21. Qf5 Rae8 22. Rxe6 fxe6 23. Qg4+ Kh8 24. Nh5 Re7 25. Nxf6 Qd8 26. Nxd4 Rf7 27. Nh5 Rd7 28. Qxe6 Rd5 29. Re1 Rxh5 30. Qf7 1-0

[Event "St Petersburg Korchnoi Memorial op"]
[Site "St Petersburg"]
[Date "2023.08.21"]
[Round "5"]
[White "Sharikov, Alexander"]
[Black "Polschikov, Alexey"]
[Result "0-1"]
[WhiteElo "2073"]
[BlackElo "2402"]
[PlyCount "87"]
[EventDate "2023.08.18"]
[EventType "swiss"]
[EventRounds "9"]
[EventCountry "RUS"]
[SourceTitle "EXT 2024"]
[Source "ChessBase"]
[SourceDate "2023.10.10"]
[SourceVersion "1"]
[SourceVersionDate "2023.10.10"]
[SourceQuality "1"]

1. Nf3 Nf6 2. g3 c5 3. Bg2 Nc6 4. 0-0 e5 5. c4 d5 6. cxd5 Nxd5 7. Nc3 Be6 8. Ng5 Qxg5 9. Bxd5 Bxd5 10. Nxd5 Qd8 11. e4 Bd6 12. d3 0-0 13. Be3 Qd7 14. Kg2 b6 15. a3 Rad8 16. Qe2 Ne7 17. Nc3 Qe6 18. Rfb1 Qb3 19. Qd1 Qxd1 20. Rxd1 Rd7 21. Kf1 Rc8 22. Ke2 f6 23. h4 h5 24. Rac1 Kf7 25. a4 Nc6 26. Nd5 Re8 27. Rg1 Bb8 28. Rb1 Bd6 29. f3 Rh8 30. Rg2 Ne7 31. Nc3 Nc6 32. Nd5 Ke6 33. Rh1 f5 34. g4 hxg4 35. fxg4 f4 36. Bf2 g6 37. h5 Rdh7 38. Bh4 gxh5 39. gxh5 Kf7 40. Rg6 Rxh5 41. Rxd6 Nd4+ 42. Kf2 Rxh4 43. Rd7+ Ke6 44. Re7+ 0-1

[Event "Ekaterinburg Rapid op"]
[Site "Ekaterinburg"]
[Date "2023.08.12"]
[Round "8"]
[White "Polschikov, Alexey"]
[Black "Inozemtsev, Sergei"]
[Result "0-1"]
[WhiteElo "2402"]
[BlackElo "2206"]
[PlyCount "132"]
[EventDate "2023.08.11"]
[EventType "swiss (rapid)"]
[EventRounds "11"]
[EventCountry "RUS"]
[SourceTitle "CBM 215 Extra"]
[Source "ChessBase"]
[SourceDate "2023.09.30"]
[SourceVersion "1"]
[SourceVersionDate "2023.09.30"]
[SourceQuality "1"]

1. d4 e6 2. c4 Nf6 3. g3 Bb4+ 4. Bd2 Qe7 5. Nf3 b6 6. Bg2 Bb7 7. 0-0 Bxd2 8. Qxd2 d6 9. Re1 Nbd7 10. Qc2 c5 11. dxc5 Nxc5 12. Nc3 0-0 13. e4 Rfd8 14. Nd4 a6 15. Qe2 Rac8 16. Rac1 g6 17. Red1 Ba8 18. b3 Ncd7 19. h3 Qf8 20. Qe3 Qe7 21. Rc2 Nc5 22. Rcd2 Ncd7 23. Nde2 Ne8 24. h4 Rb8 25. a4 Nc5 26. b4 Nd7 27. f4 Ndf6 28. Bf3 h5 29. Nc1 Qc7 30. Be2 Qb7 31. Bf3 Ng4 32. Qe2 Qc7 33. Nb3 Rbc8 34. Rd4 e5 35. Nd5 Bxd5 36. Rxd5 Ngf6 37. R5d2 exf4 38. gxf4 Qxc4 39. Qxc4 Rxc4 40. Rd4 Rdc8 41. Be2 Rc3 42. Bxa6 Ra8 43. R4d3 Rxd3 44. Bxd3 Rxa4 45. e5 Rxb4 46. Bc2 dxe5 47. fxe5 Ng4 48. e6 fxe6 49. Bxg6 Rxb3 50. Bxe8 Nf6 51. Bc6 Rb4 52. Bf3 Kf7 53. Kf2 b5 54. Kg3 e5 55. Rd6 Rf4 56. Rb6 b4 57. Rb5 Ke6 58. Bd1 Ne4+ 59. Kg2 Nc3 60. Rb6+ Kf5 61. Bxh5 Rxh4 62. Bg6+ Kg5 63. Bc2 Rd4 64. Kf3 Rf4+ 65. Kg3 Ne4+ 66. Kh3 Rf3+ 0-1

[Event "Ekaterinburg Rapid op"]
[Site "Ekaterinburg"]
[Date "2023.08.12"]
[Round "10"]
[White "Polschikov, Alexey"]
[Black "Kharitonov, Egor1111"]
[Result "1-0"]
[WhiteElo "2402"]
[BlackElo "2100"]
[PlyCount "91"]
[EventDate "2023.08.11"]
[EventType "swiss (rapid)"]
[EventRounds "11"]
[EventCountry "RUS"]
[SourceTitle "CBM 215 Extra"]
[Source "ChessBase"]
[SourceDate "2023.09.30"]
[SourceVersion "1"]
[SourceVersionDate "2023.09.30"]
[SourceQuality "1"]

1. Nf3 d5 2. d4 Nf6 3. c4 e6 4. g3 Be7 5. Bg2 0-0 6. 0-0 Nbd7 7. Qc2 c6 8. Nbd2 b6 9. e4 dxc4 10. Nxc4 Bb7 11. Ne3 c5 12. d5 exd5 13. exd5 Nxd5 14. Nxd5 Bxd5 15. Rd1 Be6 16. Ne5 Nxe5 17. Rxd8 Raxd8 18. Bd2 Bf6 19. Bc3 Ng4 20. Bxf6 Nxf6 21. Rd1 h6 22. h3 a5 23. a3 Rfe8 24. Bf1 Bd5 25. Bg2 Be6 26. Kh2 Bf5 27. Qc1 Be6 28. Bc6 Bb3 29. Rd2 Rf8 30. Qc3 Be6 31. Qe3 Bc4 32. Qf4 Be6 33. Rd6 Rb8 34. g4 b5 35. Qe5 Bxg4 36. Rxf6 gxf6 37. Qg3 f5 38. hxg4 fxg4 39. Qxg4+ Kh8 40. Qf4 Kg7 41. Qe5+ Kg8 42. f4 b4 43. f5 bxa3 44. bxa3 f6 45. Qg3+ Kf7 46. Bd5+ 1-0

[Event "Ekaterinburg Rapid op"]
[Site "Ekaterinburg"]
[Date "2023.08.11"]
[Round "1"]
[White "Panov, Danil"]
[Black "Polschikov, Alexey"]
[Result "0-1"]
[WhiteElo "1140"]
[BlackElo "2402"]
[PlyCount "114"]
[EventDate "2023.08.11"]
[EventType "swiss (rapid)"]
[EventRounds "11"]
[EventCountry "RUS"]
[SourceTitle "CBM 215 Extra"]
[Source "ChessBase"]
[SourceDate "2023.09.30"]
[SourceVersion "1"]
[SourceVersionDate "2023.09.30"]
[SourceQuality "1"]

1. e4 c5 2. Nf3 d6 3. Nc3 a6 4. d3 Nc6 5. Be2 g6 6. 0-0 Bg7 7. h3 b5 8. a3 e5 9. Nd5 Nce7 10. c4 Nxd5 11. cxd5 Nf6 12. Re1 0-0 13. Bd2 a5 14. b4 cxb4 15. axb4 a4 16. Qc2 Bd7 17. Rec1 Rc8 18. Qb2 Qb6 19. Be3 Qb7 20. Ne1 Rxc1 21. Rxc1 Rc8 22. Nc2 Ne8 23. Na3 Rxc1+ 24. Qxc1 f5 25. f3 Bf6 26. Bg5 Qb6+ 27. Qe3 Bd8 28. Qxb6 Bxb6+ 29. Kf1 Bd4 30. Bc1 Nc7 31. Nc2 Bc3 32. Kf2 Kf7 33. Ba3 h5 34. h4 Kf6 35. Bc1 Na6 36. Ba3 f4 37. Bf1 Ke7 38. Be2 Be8 39. Bf1 Kd8 40. Be2 Kc7 41. Bf1 Kd8 42. Be2 Ke7 43. Bf1 Kf6 44. Be2 g5 45. hxg5+ Kxg5 46. Bf1 h4 47. Ke2 Bd7 48. Kf2 Nc7 49. Kg1 Ne8 50. Kf2 Nf6 51. d4 exd4 52. Ke2 Be8 53. Kd3 Nxd5 54. Nxd4 Bxd4 55. Kxd4 Ne3 56. Be2 Nc2+ 57. Kc3 Nxa3 0-1

[Event "Zudov Memorial"]
[Site "Nizhnij Tagil"]
[Date "2023.07.30"]
[Round "10"]
[White "Polschikov, Alexey"]
[Black "Protasov, Maksim"]
[Result "1/2-1/2"]
[WhiteElo "2420"]
[BlackElo "1724"]
[PlyCount "59"]
[EventDate "2023.07.29"]
[EventType "swiss (rapid)"]
[EventRounds "11"]
[EventCountry "RUS"]
[SourceTitle "CBM 215 Extra"]
[Source "ChessBase"]
[SourceDate "2023.09.30"]
[SourceVersion "1"]
[SourceVersionDate "2023.09.30"]
[SourceQuality "1"]

1. Nf3 Nf6 2. c4 e6 3. g3 d5 4. d4 Be7 5. Bg2 0-0 6. 0-0 c6 7. Qc2 b6 8. Nbd2 Bb7 9. e4 Na6 10. e5 Nd7 11. cxd5 Nb4 12. Qb3 Nxd5 13. Ne4 c5 14. dxc5 Nxc5 15. Nxc5 Bxc5 16. a3 Ne7 17. Rd1 Qc8 18. h4 Nf5 19. Bf4 Bd5 20. Rxd5 exd5 21. Qxd5 Ne7 22. Qe4 Qf5 23. Qxf5 Nxf5 24. g4 Nd4 25. Nxd4 Bxd4 26. Bxa8 Rxa8 27. Ra2 Re8 28. b4 Bxe5 29. Re2 f6 30. Kg2 1/2-1/2

[Event "Zudov Memorial"]
[Site "Nizhnij Tagil"]
[Date "2023.07.30"]
[Round "7"]
[White "Safin, Timur"]
[Black "Polschikov, Alexey"]
[Result "1-0"]
[WhiteElo "2260"]
[BlackElo "2420"]
[PlyCount "93"]
[EventDate "2023.07.29"]
[EventType "swiss (rapid)"]
[EventRounds "11"]
[EventCountry "RUS"]
[SourceTitle "CBM 215 Extra"]
[Source "ChessBase"]
[SourceDate "2023.09.30"]
[SourceVersion "1"]
[SourceVersionDate "2023.09.30"]
[SourceQuality "1"]

1. d4 Nf6 2. c4 e6 3. Nc3 Bb4 4. f3 c5 5. d5 b5 6. e4 bxc4 7. Bxc4 0-0 8. Nge2 Nxd5 9. Bxd5 exd5 10. Qxd5 Nc6 11. Be3 Rb8 12. 0-0 Ne7 13. Qd3 Qb6 14. Rfd1 Rd8 15. Nf4 Ba6 16. Qc2 d6 17. Ncd5 Nxd5 18. Nxd5 Qb7 19. a3 Ba5 20. b4 Bb6 21. Rab1 cxb4 22. Nxb6 axb6 23. axb4 Rbc8 24. Qf2 b5 25. Qg3 Qe7 26. Rd5 f6 27. Rbd1 Rc6 28. Bc5 Qf7 29. Rxd6 Rdxd6 30. Rxd6 Qe8 31. h4 Rxd6 32. Qxd6 Bc8 33. h5 h6 34. Bd4 Kh7 35. e5 fxe5 36. Bxe5 Be6 37. Qd4 Qxh5 38. Bxg7 Qf7 39. Be5 Bc4 40. Qg4 Qg6 41. Qd7+ Qf7 42. Qd8 Kg6 43. Qd6+ Kh7 44. Bc3 Qe6 45. Qd4 Qf7 46. g4 Bd5 47. f4 1-0

[Event "Moscow op-A 19th"]
[Site "Moscow"]
[Date "2023.07.21"]
[Round "6"]
[White "Lisimenko, Ruslan"]
[Black "Polschikov, Alexey"]
[Result "0-1"]
[WhiteElo "2167"]
[BlackElo "2420"]
[PlyCount "104"]
[EventDate "2023.07.17"]
[EventType "swiss"]
[EventRounds "9"]
[EventCountry "RUS"]
[SourceTitle "CBM 215 Extra"]
[Source "ChessBase"]
[SourceDate "2023.09.30"]
[SourceVersion "1"]
[SourceVersionDate "2023.09.30"]
[SourceQuality "1"]

1. d4 Nf6 2. c4 e6 3. Nf3 Bb4+ 4. Bd2 Qe7 5. e3 b6 6. Bd3 Bb7 7. 0-0 Bxd2 8. Nbxd2 0-0 9. e4 d6 10. Re1 e5 11. Nf1 exd4 12. Nxd4 Qe5 13. Nb5 Na6 14. Qe2 Rad8 15. Rad1 Rfe8 16. Nc3 Nc5 17. Nd2 Bc8 18. Bc2 c6 19. f3 Ne6 20. Nb3 Ba6 21. Qf1 h5 22. g3 g5 23. Bd3 h4 24. Qf2 hxg3 25. hxg3 Nh5 26. Ne2 Qxb2 27. Ned4 Qxf2+ 28. Kxf2 Nxd4 29. Nxd4 c5 30. Nf5 Bc8 31. Ne3 Nf6 32. g4 Be6 33. Bc2 Kg7 34. Rd2 Rh8 35. Kg3 Nd7 36. Rxd6 Ne5 37. Rxd8 Rxd8 38. Bb3 Rd4 39. Rc1 Rd3 40. Re1 Rc3 41. Re2 Kf8 42. Kf2 Bxc4 43. Bxc4 Nxc4 44. Nd5 Rd3 45. Re1 Ne5 46. Ne3 Rd2+ 47. Kg3 Nd3 48. Rh1 Nf4 49. Rh8+ Kg7 50. Rh1 Kg8 51. Rh2 Ne2+ 52. Kh3 Ng1+ 0-1

[Event "Moscow op-A 19th"]
[Site "Moscow"]
[Date "2023.07.17"]
[Round "1"]
[White "Polschikov, Alexey"]
[Black "Beznosov, Timofey"]
[Result "1-0"]
[WhiteElo "2420"]
[BlackElo "1858"]
[PlyCount "71"]
[EventDate "2023.07.17"]
[EventType "swiss"]
[EventRounds "9"]
[EventCountry "RUS"]
[SourceTitle "CBM 215 Extra"]
[Source "ChessBase"]
[SourceDate "2023.09.30"]
[SourceVersion "1"]
[SourceVersionDate "2023.09.30"]
[SourceQuality "1"]

1. Nf3 c5 2. c4 Nf6 3. d4 cxd4 4. Nxd4 e5 5. Nb5 d5 6. cxd5 Bc5 7. N5c3 0-0 8. g3 e4 9. Bg2 Bf5 10. 0-0 Qe7 11. Na3 Nbd7 12. Nc2 h6 13. Be3 Bd6 14. Nd4 Bg6 15. Ndb5 Nb6 16. Nxd6 Qxd6 17. Qb3 Nbxd5 18. Rfd1 Rad8 19. Rxd5 Nxd5 20. Rd1 Qa6 21. Rxd5 Rxd5 22. Qxd5 Re8 23. h4 h5 24. Bxe4 Bxe4 25. Nxe4 Qxe2 26. Ng5 Rf8 27. Qf5 g6 28. Qf6 Qd1+ 29. Kh2 Qd8 30. Qf3 Qe7 31. Bxa7 Ra8 32. Bc5 Qc7 33. Bd4 Ra6 34. a3 Qd7 35. Qf4 Rd6 36. Ne4 1-0

[Event "Paracin Orbis GM 3rd"]
[Site "Paracin"]
[Date "2021.07.22"]
[Round "8"]
[White "Polschikov, Alexey"]
[Black "Safarli, Eltaj"]
[Result "1-0"]
[WhiteElo "2420"]
[BlackElo "2604"]
[PlyCount "120"]
[EventDate "2021.07.17"]
[EventType "swiss"]
[EventRounds "9"]
[EventCountry "SRB"]
[SourceTitle "CBM 203 Extra"]
[Source "ChessBase"]
[SourceDate "2021.09.30"]
[SourceVersion "1"]
[SourceVersionDate "2021.09.30"]
[SourceQuality "1"]

1. Nf3 Nf6 2. c4 g6 3. Nc3 d5 4. Qa4+ Bd7 5. Qb3 dxc4 6. Qxc4 c5 7. Ne5 e6 8. g3 Nc6 9. Nxd7 Qxd7 10. Bg2 Nd4 11. 0-0 Rc8 12. a4 Be7 13. Nb5 0-0 14. Rb1 a6 15. Nxd4 cxd4 16. Qd3 Rfd8 17. b3 b5 18. Bb2 bxa4 19. Qxa6 axb3 20. e3 Bc5 21. Qc4 dxe3 22. Bxf6 Be7 23. Qh4 Bxf6 24. Qxf6 exd2 25. Rfd1 Qd3 26. Bf3 Rd7 27. Kg2 Rdc7 28. Qf4 Rc2 29. Qa4 R2c3 30. Bb7 Qxb1 31. Rxb1 Rc1 32. Qd7 Rb8 33. Be4 d1Q 34. Qxd1 Rxd1 35. Rxd1 f5 36. Bf3 b2 37. Rb1 Kf7 38. Kf1 Kf6 39. Ke1 e5 40. Kd2 e4 41. Bd1 Ke5 42. Kc3 f4 43. Bc2 g5 44. Re1 e3 45. fxe3 f3 46. g4 Rh8 47. Kxb2 h5 48. h3 hxg4 49. hxg4 Rh2 50. Kc3 Rf2 51. Bd3 Rg2 52. Bf5 Rf2 53. Kd3 Ra2 54. Rf1 f2 55. Kc3 Re2 56. Bd3 Rxe3 57. Rxf2 Rg3 58. Rf5+ Ke6 59. Rxg5 Kf6 60. Rf5+ Kg7 1-0

[Event "Paracin Orbis GM 3rd"]
[Site "Paracin"]
[Date "2021.07.20"]
[Round "5"]
[White "Abergel, Thal"]
[Black "Polschikov, Alexey"]
[Result "1-0"]
[WhiteElo "2414"]
[BlackElo "2420"]
[PlyCount "179"]
[EventDate "2021.07.17"]
[EventType "swiss"]
[EventRounds "9"]
[EventCountry "SRB"]
[SourceTitle "CBM 203 Extra"]
[Source "ChessBase"]
[SourceDate "2021.09.30"]
[SourceVersion "1"]
[SourceVersionDate "2021.09.30"]
[SourceQuality "1"]

1. e4 c5 2. Nf3 d6 3. d4 cxd4 4. Nxd4 Nf6 5. Nc3 a6 6. Bg5 Nbd7 7. Qe2 h6 8. Bxf6 Nxf6 9. g3 g6 10. e5 dxe5 11. Qxe5 Bg7 12. 0-0-0 Bd7 13. Bg2 Rb8 14. Bxb7 Rxb7 15. Nc6 Bxc6 16. Rxd8+ Kxd8 17. Qa5+ Kc8 18. Rd1 Kb8 19. Qxa6 Rc8 20. b3 Bf3 21. Rd3 Bg2 22. Qa5 Nd7 23. Na4 Ne5 24. Rd8 Nc6 25. Rxc8+ Kxc8 26. Qa8+ Rb8 27. Qa6+ Kc7 28. Qc4 Bd4 29. Qxf7 g5 30. c3 Ba7 31. b4 Rb5 32. Nc5 Bxc5 33. Qc4 Bxb4 34. Qxb5 Bxc3 35. f3 g4 36. f4 Bd4 37. Qh5 Bh3 38. Qxh6 Be3+ 39. Kd1 Kd7 40. Qg6 Nd4 41. a4 e6 42. Qe4 Bg1 43. a5 Nc6 44. a6 Bd4 45. Qh1 Kc7 46. Kd2 Kd6 47. Kd3 Bb6 48. Kc4 Ba7 49. Qd1+ Ke7 50. Qe2 Kd6 51. Kc3 Bd4+ 52. Kb3 Bb6 53. Ka4 Ba7 54. Qd3+ Kc7 55. Qh7+ Kd6 56. Qg7 Bd4 57. Qg6 Kd7 58. f5 exf5 59. Qxf5+ Kc7 60. Qh7+ Kd6 61. Qd3 Kc7 62. Kb5 Na7+ 63. Kc4 Nc6 64. Qh7+ Kd6 65. Qg6+ Kc7 66. Qf7+ Kd6 67. Qd5+ Kc7 68. Qh1 Ba7 69. Qe4 Kd6 70. Qe2 Kc7 71. Qb2 Kd6 72. Qf6+ Kc7 73. Qf7+ Kd6 74. Qf4+ Kd7 75. Qd2+ Kc7 76. Kd5 Kd7 77. Qb2 Ne7+ 78. Ke5 Nc6+ 79. Kf5 Ne7+ 80. Kf6 Nc6 81. Qd2+ Nd4 82. Ke5 Kc7 83. Kd5 Kd7 84. Qb2 Kd8 85. Kd6 Bf1 86. Qb7 Nb5+ 87. Ke5 Be2 88. Kf4 Bd4 89. a7 Bxa7 90. Qd5+ 1-0

[Event "Paracin Orbis GM 3rd"]
[Site "Paracin"]
[Date "2021.07.18"]
[Round "3"]
[White "Pranav, V."]
[Black "Polschikov, Alexey"]
[Result "0-1"]
[WhiteElo "2366"]
[BlackElo "2420"]
[PlyCount "150"]
[EventDate "2021.07.17"]
[EventType "swiss"]
[EventRounds "9"]
[EventCountry "SRB"]
[SourceTitle "CBM 203 Extra"]
[Source "ChessBase"]
[SourceDate "2021.09.30"]
[SourceVersion "1"]
[SourceVersionDate "2021.09.30"]
[SourceQuality "1"]

1. e4 c5 2. Nf3 d6 3. d4 cxd4 4. Nxd4 Nf6 5. Nc3 a6 6. Be2 e5 7. Nb3 Be7 8. 0-0 0-0 9. Kh1 Nc6 10. f4 b5 11. Bf3 Na5 12. Qe1 Nc4 13. Qe2 Qc7 14. a3 Bb7 15. fxe5 dxe5 16. Nd1 a5 17. g4 a4 18. g5 Nd7 19. Nd2 Bxg5 20. Nxc4 Bxc1 21. Rxc1 Qxc4 22. Qg2 Qc5 23. Re1 Ra6 24. Ne3 Rg6 25. Qe2 b4 26. axb4 Qxb4 27. Nf5 Kh8 28. c3 Qb6 29. Rcd1 Nc5 30. Rd2 Ba6 31. Qe3 Nb3 32. Qxb6 Rxb6 33. Rd5 g6 34. Nd6 Kg7 35. Bg4 Rd8 36. Red1 Kf8 37. h4 h5 38. Bf3 f6 39. Kg1 Rc6 40. Nf5 Rxd5 41. exd5 Rc8 42. Nd6 Rd8 43. Ne4 f5 44. Ng5 Ke7 45. Re1 e4 46. Bxe4 fxe4 47. Rxe4+ Kd7 48. Rxa4 Ra8 49. Ne4 Kc7 50. Ra3 Re8 51. d6+ Kd8 52. Ng5 Bc4 53. Ra7 Re2 54. Rg7 Nd2 55. Nf7+ Bxf7 56. Rxf7 Re6 57. Kf2 Nc4 58. Kg3 Nxd6 59. Rh7 Re4 60. b3 Nf5+ 61. Kf3 Rxh4 62. c4 Nd4+ 63. Kg3 Rg4+ 64. Kh2 Nxb3 65. Rb7 Nc5 66. Rb6 g5 67. Rb5 Rxc4 68. Rb6 Ra4 69. Rh6 h4 70. Kh3 Ra3+ 71. Kh2 Ke7 72. Rc6 Nd7 73. Rg6 Ne5 74. Rb6 Nf3+ 75. Kg2 Ne5 0-1

[Event "Paracin Summer op 14th"]
[Site "Paracin"]
[Date "2021.07.09"]
[Round "1"]
[White "Ljepic, Andrej"]
[Black "Polschikov, Alexey"]
[Result "1-0"]
[WhiteElo "2136"]
[BlackElo "2420"]
[PlyCount "77"]
[EventDate "2021.07.09"]
[EventType "swiss"]
[EventRounds "9"]
[EventCountry "SRB"]
[SourceTitle "EXT 2022"]
[Source "ChessBase"]
[SourceDate "2021.10.06"]
[SourceVersion "1"]
[SourceVersionDate "2021.10.06"]
[SourceQuality "1"]

1. e4 d6 2. d4 Nf6 3. Nc3 e5 4. dxe5 dxe5 5. Qxd8+ Kxd8 6. Bc4 Ke8 7. Nf3 Bd6 8. Bg5 Nbd7 9. 0-0-0 a6 10. Rhe1 b5 11. Bd5 Nxd5 12. exd5 f6 13. Be3 Nf8 14. Nd2 Ng6 15. Nde4 Nh4 16. Bc5 Bxc5 17. Nxc5 Kf7 18. Rg1 b4 19. N3e4 Ke7 20. f3 Rd8 21. Rd2 Rb8 22. Re1 Rb5 23. a4 bxa3 24. c4 Rxb2 25. Rxb2 axb2+ 26. Kxb2 Nf5 27. Kc3 Nd6 28. Ra1 Nxe4+ 29. fxe4 Rd6 30. Nd3 Rb6 31. Nb4 f5 32. exf5 Rh6 33. Nc6+ Kf8 34. h3 Bxf5 35. Rxa6 Bd7 36. Ra8+ Kf7 37. Nxe5+ Ke7 38. Ra7 Rh5 39. Kd4 1-0

[Event "Belgrade Serbia op"]
[Site "Belgrade"]
[Date "2021.07.05"]
[Round "5"]
[White "Polschikov, Alexey"]
[Black "Thorsbro, Peter"]
[Result "1-0"]
[WhiteElo "2420"]
[BlackElo "2233"]
[PlyCount "87"]
[EventDate "2021.07.02"]
[EventType "swiss"]
[EventRounds "9"]
[EventCountry "SRB"]
[SourceTitle "CBM 203 Extra"]
[Source "ChessBase"]
[SourceDate "2021.09.30"]
[SourceVersion "1"]
[SourceVersionDate "2021.09.30"]
[SourceQuality "1"]

1. Nf3 d5 2. d4 e6 3. c4 Nf6 4. g3 Be7 5. Bg2 0-0 6. 0-0 dxc4 7. Qc2 a6 8. a4 Bd7 9. Qxc4 Bc6 10. Bg5 Bd5 11. Qc2 Be4 12. Qd2 h6 13. Bxf6 Bxf6 14. Nc3 Bxf3 15. Bxf3 c6 16. Rfd1 a5 17. e3 Na6 18. Qe2 Nb4 19. Ne4 Be7 20. Nd2 Qc7 21. Rac1 Rfd8 22. Nc4 Bf6 23. Be4 Rac8 24. Qh5 Ra8 25. h4 Be7 26. g4 Bf8 27. Ne5 g6 28. Bxg6 fxg6 29. Qxg6+ Qg7 30. Qxe6+ Kh7 31. Qf5+ Kg8 32. Qe6+ Kh7 33. g5 hxg5 34. e4 Rd6 35. Qf5+ Kg8 36. Rc3 Be7 37. hxg5 Rf8 38. Qg4 c5 39. Rg3 cxd4 40. Nd7 Rd8 41. Nc5 Rg6 42. Ne6 Qe5 43. Nxd8 Rxg5 44. f4 1-0

[Event "Belgrade Serbia op"]
[Site "Belgrade"]
[Date "2021.07.04"]
[Round "4"]
[White "Beydullayeva, Govhar"]
[Black "Polschikov, Alexey"]
[Result "1-0"]
[WhiteElo "2264"]
[BlackElo "2420"]
[PlyCount "94"]
[EventDate "2021.07.02"]
[EventType "swiss"]
[EventRounds "9"]
[EventCountry "SRB"]
[SourceTitle "CBM 203 Extra"]
[Source "ChessBase"]
[SourceDate "2021.09.30"]
[SourceVersion "1"]
[SourceVersionDate "2021.09.30"]
[SourceQuality "1"]

1. Nf3 Nf6 2. c4 c5 3. Nc3 e6 4. g3 b6 5. Bg2 Bb7 6. 0-0 Be7 7. d4 cxd4 8. Qxd4 0-0 9. Rd1 d6 10. Bg5 Nc6 11. Qf4 Qb8 12. Bxf6 Bxf6 13. Rxd6 Na5 14. c5 bxc5 15. Rad1 Bc6 16. Qc1 Qb4 17. a3 Qb7 18. Qc2 Rab8 19. Na4 Be7 20. Rxc6 Nxc6 21. Ne5 Nxe5 22. Bxb7 Rxb7 23. Qe4 Rd7 24. Rxd7 Nxd7 25. Qb7 Rd8 26. Qxa7 Kf8 27. Qc7 Ke8 28. Nb6 Nxb6 29. Qxb6 Rc8 30. a4 c4 31. a5 Kd7 32. Qb5+ Rc6 33. Kg2 Bf6 34. e3 Bd8 35. h4 g6 36. Qb4 Be7 37. Qb7+ Rc7 38. Qb5+ Kc8 39. a6 h5 40. Qa4 Kb8 41. Qe8+ Ka7 42. Qxf7 Kxa6 43. Qxe6+ Ka5 44. Qxg6 Rc5 45. Qg7 Bd6 46. Qa7+ Kb5 47. Qb7+ Ka5 1-0